000 00794nam a22002777a 4500
001 BR7909385
003 BR-BrBNA
005 20230928090505.0
007 ta
008 230509b bl.||||| |||| 00| 0 por d
040 _aBR-BrBNA
_bpor
_cBiblioteca Nacional de Agricultura
041 _a(Por)
072 _aE71; E16
_b2760
_b/G514
090 _ 2760 BR7909385
110 1 _aSema Marketing, Paris (France)
_99258
245 1 _aO mercado internacional de produtores agricolas e agropecuarios. O fumo, perspectivas de exportacao para o Brasil
260 3 _aParis (France):
_c1979.
300 _a338 p.
500 _a25 graphs
650 _aFUMO
650 _aCOMERCIO EXTERIOR
650 _aIMPORTACAO
650 _aEXPORTACAO
909 _a202309
_bLucia
_c55
_dLucia Elande
942 _cBK
999 _c29056
_d29056